000 00607nam a2200217 a 4500
001 19900
003 CO-ViMGA
008 141112s2004 ck r 000 u spa d
020 _a950151935X
040 _aCO-ViMGA
_bspa
_cCO-ViMGA
082 0 4 _a648.1 K357m
100 1 _aKent, Cassandra
_928892
245 1 0 _aLas manchas
260 _aBarcelona :
_bJavier Vergara,
_cGrupo Zeta,
_c1999
300 _a72 p.
490 _a101 Consejos esenciales
590 _aForma de adquisición : Premio Mincultura - - Precio : þ
650 1 4 _aCUIDADOS DEL HOGAR
_928893
650 1 4 _aHOGAR
_928894
942 _2ddc
_cBK
999 _c29023
_d29023